| 000 | 00618nam a2200181 i 4500 | ||
|---|---|---|---|
| 001 | 59441 | ||
| 003 | ES-MaACL | ||
| 005 | 20230906164031.0 | ||
| 007 | t| | ||
| 008 | 031029s1983 sp ||||1| spa d | ||
| 100 | 1 |
_aEisberg, Robert Martin. _946850 |
|
| 245 | 1 | 0 |
_aFísica _b: fundamentos y aplicaciones / _cRobert M. Eisberg, Lawrence S. Lerner ; traducción: Augusto Rodríguez Molano ... [et al.]. |
| 260 |
_aMadrid : _bMcGraw-Hill, _c1983. |
||
| 300 |
_a1 t. en 2 v. ; _c25 cm. |
||
| 700 | 1 |
_aLerner, Lawrence S. _971785 |
|
| 700 | 1 |
_aRodríguez Molano, Augusto. _998668 |
|
| 852 |
_aES-MaACL _jL-6878-9 _bR.105859 |
||
| 999 |
_c59441 _d59441 |
||